El cine: diccionario mundial de directores del cine sonoro
Saved in:
| Main Author: | |
|---|---|
| Format: | Book |
| Language: | Spanish |
| Published: |
Bilbao
Mensajero
1985
|
| Series: | Diccionarios del Saber Moderno
|
| Subjects: | |
| Tags: |
Add Tag
No Tags, Be the first to tag this record!
|
MARC
| LEADER | 00000nam a2200000 a 4500 | ||
|---|---|---|---|
| 001 | UCO4962 | ||
| 003 | CL-VaPUC | ||
| 008 | 000825e19850000SP |||||||||||||||||spa|d | ||
| 082 | 0 | 4 | |a 791.4303 |b ORT |2 21 |
| 100 | |a Orts, Edmond |e autor |9 449664 | ||
| 245 | 1 | 3 | |a El cine: diccionario mundial de directores del cine sonoro |
| 300 | |a 3 v | ||
| 942 | |c BK | ||
| 945 | |d 20000825 00:00:00 |a crobeson | ||
| 260 | |a Bilbao |b Mensajero |c 1985 | ||
| 500 | |a v.1: A-F | ||
| 500 | |a v.2: G-N | ||
| 500 | |a v.3: O-Z | ||
| 650 | 0 | |a Cine |9 225706 | |
| 650 | 0 | |a Diccionarios |9 256200 | |
| 650 | 0 | |a Directores de cine |9 368705 | |
| 650 | 0 | |a Biografías |9 255210 | |
| 583 | |a last modification |c 20000825 00:00:00 |k Rodrigo Vera | ||
| 490 | 0 | |a Diccionarios del Saber Moderno | |
| 999 | |c 290921 |d 290919 | ||
| 952 | |0 0 |1 0 |4 0 |6 791_430300000000000_ORT_1985 |7 0 |8 F |9 340548 |a BIBART |b BIBART |d 2019-11-20 |h v.1 |i 1217429 |o 791.4303 ORT 1985 |p 1217429 |r 2025-03-13 |w 2019-11-20 |y BK_F |k ART | ||
| 952 | |0 0 |1 0 |4 0 |6 791_430300000000000_ORT_1985 |7 0 |8 F |9 340549 |a BIBART |b BIBART |d 2019-11-20 |h v.2 |i 1217437 |o 791.4303 ORT 1985 |p 1217437 |r 2025-03-13 |w 2019-11-20 |y BK_F |k ART | ||
| 952 | |0 0 |1 0 |4 0 |6 791_430300000000000_ORT_1985 |7 0 |8 F |9 340550 |a BIBART |b BIBART |d 2019-11-20 |h v.3 |i 1217445 |o 791.4303 ORT 1985 |p 1217445 |r 2025-03-13 |w 2019-11-20 |y BK_F |k ART | ||